European property cycle monitor (Record no. 110533)
[ view plain ]
| 000 -LEADER | |
|---|---|
| fixed length control field | 01201cad a22002775a 4500 |
| 001 - CONTROL NUMBER | |
| control field | E149546 |
| 008 - FIXED-LENGTH DATA ELEMENTS--GENERAL INFORMATION | |
| fixed length control field | 100318s2010 xxkd f s 000 0 eng d |
| 035 ## - SYSTEM CONTROL NUMBER | |
| System control number | (Sirsi) u149546 |
| 041 0# - LANGUAGE CODE | |
| Language code of text/sound track or separate title | eng |
| 050 04 - LIBRARY OF CONGRESS CALL NUMBER | |
| Classification number | 333.33 $2 18 |
| 100 1# - MAIN ENTRY--PERSONAL NAME | |
| Personal name | Curlow, Justin |
| 245 00 - TITLE STATEMENT | |
| Title | European property cycle monitor |
| Remainder of title | January 2010 |
| Medium | [electronic resource] |
| 260 ## - PUBLICATION, DISTRIBUTION, ETC. | |
| Place of publication, distribution, etc. | London |
| Name of publisher, distributor, etc. | RREEF |
| Date of publication, distribution, etc. | 2010 |
| 490 #0 - SERIES STATEMENT | |
| Series statement | European Property Cycle Monitor |
| Volume/sequential designation | January 2010 |
| 520 ## - SUMMARY, ETC. | |
| Summary, etc. | Reports that the European office market has not yet rebounded, and suggests that headline rents will stay slow for the next few years. Rents fell in the industrial markets in 2009, and this is forecast to continue in 2010. Shopping centre markets are still readjusting. |
| 590 ## - LOCAL NOTE (RLIN) | |
| Local note | KA |
| 650 24 - SUBJECT ADDED ENTRY--TOPICAL TERM | |
| Topical term or geographic name entry element | EUROPEAN PROPERTY CYCLE MONITOR |
| 651 #4 - SUBJECT ADDED ENTRY--GEOGRAPHIC NAME | |
| Geographic name | Europe |
| 690 ## - LOCAL SUBJECT ADDED ENTRY--TOPICAL TERM (OCLC, RLIN) | |
| Topical term or geographic name as entry element | PROPERTY-COMMERCIAL PROPERTY-COMMERCIAL PROPERTY MARKET |
| 700 1# - ADDED ENTRY--PERSONAL NAME | |
| Personal name | Stratton, Henry |
| 700 1# - ADDED ENTRY--PERSONAL NAME | |
| Personal name | Morawski, Jaroslaw |
| 700 1# - ADDED ENTRY--PERSONAL NAME | |
| Personal name | Hobbs, Peter |
| 710 2# - ADDED ENTRY--CORPORATE NAME | |
| Corporate name or jurisdiction name as entry element | Deutsche Bank |
| Subordinate unit | RREEF |
| -- | Real Estate Research |
| 9 (RLIN) | 5322 |
| 856 40 - ELECTRONIC LOCATION AND ACCESS | |
| Uniform Resource Identifier | <a href="https://www.rreef.com/content/_media/Research_Europe_PCM_Jan2010.pdf">https://www.rreef.com/content/_media/Research_Europe_PCM_Jan2010.pdf</a> |
| Public note | View the report free of charge (PDF file) at www.rreef.com... |
| 942 ## - ADDED ENTRY ELEMENTS (KOHA) | |
| Suppress in OPAC | 0 |
| Withdrawn status | Lost status | Source of classification or shelving scheme | Damaged status | Not for loan | Home library | Current library | Shelving location | Date acquired | Total Checkouts | Full call number | Barcode | Date last seen | Copy number | Price effective from | Koha item type |
|---|---|---|---|---|---|---|---|---|---|---|---|---|---|---|---|
| Dewey Decimal Classification | Virtual | Virtual | Online | 18/03/2010 | ONLINE PUBLICATION | 149546-2001 | 06/08/2019 | 1 | 06/08/2019 | Book |